MARC details
| 000 -LEADER |
| fixed length control field |
02188cas a2200529 a 4500 |
| 001 - CONTROL NUMBER |
| control field |
13029995 |
| 003 - CONTROL NUMBER IDENTIFIER |
| control field |
GZU |
| 005 - DATE AND TIME OF LATEST TRANSACTION |
| control field |
20201118091451.0 |
| 008 - FIXED-LENGTH DATA ELEMENTS--GENERAL INFORMATION |
| fixed length control field |
021213c20019999ctugr 0 a0eng c |
| 010 ## - LIBRARY OF CONGRESS CONTROL NUMBER |
| LC control number |
2001213486 |
| 022 0# - INTERNATIONAL STANDARD SERIAL NUMBER |
| International Standard Serial Number |
1536-3317 |
| ISSN-L |
1536-3317 |
| Source |
1 |
| 035 ## - SYSTEM CONTROL NUMBER |
| System control number |
(OCoLC)ocm47692070 |
| 037 ## - SOURCE OF ACQUISITION |
| Source of stock number/acquisition |
Dushkin/McGraw-Hill, 530 Old Whitfield St., Guilford, CT 06437 |
| Terms of availability |
$15.50 |
| 040 ## - CATALOGING SOURCE |
| Original cataloging agency |
NSD |
| Language of cataloging |
eng |
| Transcribing agency |
NSD |
| Modifying agency |
DLC |
| -- |
WAU |
| -- |
DLC |
| -- |
IUL |
| -- |
OCLCQ |
| -- |
DLC |
| -- |
OCLCQ |
| -- |
OCLCF |
| -- |
YDX |
| 042 ## - AUTHENTICATION CODE |
| Authentication code |
nsdp |
| -- |
pcc |
| 050 00 - LIBRARY OF CONGRESS CALL NUMBER |
| Classification number |
D860 |
| Item number |
.T356 |
| 050 14 - LIBRARY OF CONGRESS CALL NUMBER |
| Classification number |
JZ1318 |
| Item number |
.T353 |
| 082 10 - DEWEY DECIMAL CLASSIFICATION NUMBER |
| Classification number |
303 |
| Edition number |
13 |
| 210 0# - ABBREVIATED TITLE |
| Abbreviated title |
Tak. sides, Clashing views controv. glob. issues |
| 222 #0 - KEY TITLE |
| Key title |
Taking sides. Clashing views on controversial global issues |
| 245 00 - TITLE STATEMENT |
| Title |
Taking sides. |
| Name of part/section of a work |
Clashing views on global issues. |
| 246 30 - VARYING FORM OF TITLE |
| Title proper/short title |
Clashing views on global issues |
| 246 1# - VARYING FORM OF TITLE |
| Display text |
Issues for <6th ed. (2007)- have title: |
| Title proper/short title |
Taking sides. Clashing views on global issues |
| 260 ## - PUBLICATION, DISTRIBUTION, ETC. |
| Place of publication, distribution, etc. |
New York. : |
| Name of publisher, distributor, etc. |
McGraw-Hill, |
| Date of publication, distribution, etc. |
2007- |
| 300 ## - PHYSICAL DESCRIPTION |
| Extent |
vi, 392p ; |
| Dimensions |
24 cm. |
| 310 ## - CURRENT PUBLICATION FREQUENCY |
| Current publication frequency |
Biennial |
| 362 0# - DATES OF PUBLICATION AND/OR SEQUENTIAL DESIGNATION |
| Dates of publication and/or sequential designation |
1st ed. (2001)- |
| 500 ## - GENERAL NOTE |
| General note |
Published : McGraw-Hill/Dushkin, 2007- |
| 500 ## - GENERAL NOTE |
| General note |
Selected, edited, and with introductions by: James E. Harf and Mark Owen Lombardi. |
| 588 ## - SOURCE OF DESCRIPTION NOTE |
| Source of description note |
Latest issue consulted: 3rd ed. (2005). |
| 650 #0 - SUBJECT ADDED ENTRY--TOPICAL TERM |
| Topical term or geographic name entry element |
Globalization |
| Form subdivision |
Periodicals. |
| 650 #0 - SUBJECT ADDED ENTRY--TOPICAL TERM |
| Topical term or geographic name entry element |
International relations |
| Form subdivision |
Periodicals. |
| 650 #0 - SUBJECT ADDED ENTRY--TOPICAL TERM |
| Topical term or geographic name entry element |
Population |
| Form subdivision |
Periodicals. |
| 650 #7 - SUBJECT ADDED ENTRY--TOPICAL TERM |
| Topical term or geographic name entry element |
Globalization. |
| Source of heading or term |
fast |
| Authority record control number or standard number |
(OCoLC)fst00943532 |
| 650 #7 - SUBJECT ADDED ENTRY--TOPICAL TERM |
| Topical term or geographic name entry element |
International relations. |
| Source of heading or term |
fast |
| Authority record control number or standard number |
(OCoLC)fst00977053 |
| 650 #7 - SUBJECT ADDED ENTRY--TOPICAL TERM |
| Topical term or geographic name entry element |
Population. |
| Source of heading or term |
fast |
| Authority record control number or standard number |
(OCoLC)fst01071476 |
| 655 #7 - INDEX TERM--GENRE/FORM |
| Genre/form data or focus term |
Periodicals. |
| Source of term |
fast |
| Authority record control number or standard number |
(OCoLC)fst01411641 |
| 700 1# - ADDED ENTRY--PERSONAL NAME |
| Personal name |
Harf, James E. |
| 700 1# - ADDED ENTRY--PERSONAL NAME |
| Personal name |
Lombardi, Mark Owen. |
| 776 08 - ADDITIONAL PHYSICAL FORM ENTRY |
| Relationship information |
Online version: |
| Title |
Taking sides. Clashing views on global issues |
| Record control number |
(OCoLC)762058620 |
| 906 ## - LOCAL DATA ELEMENT F, LDF (RLIN) |
| a |
7 |
| b |
cbc |
| c |
serials |
| d |
2 |
| e |
ncip |
| f |
20 |
| g |
n-oclcserc |
| 942 ## - ADDED ENTRY ELEMENTS (KOHA) |
| Source of classification or shelving scheme |
Library of Congress Classification |
| Koha item type |
Books |
| Edition |
5th ed. |
| Classification part |
1318 |
| Item part |
TAK |
| Call number prefix |
JZ |
| Call number suffix |
2007 |